| 000 | 00359nam a2200145Ia 4500 | ||
|---|---|---|---|
| 008 | 230312s9999||||xx |||||||||||||| ||und|| | ||
| 020 | _a9789698455736 | ||
| 082 |
_a891.4 _bHAW-A |
||
| 100 | _aہاورڈ زِن | ||
| 245 | 0 | _aامر یکہ کی عوامی تاریخ | |
| 260 |
_bJamhori _apak _c2011 |
||
| 300 | _a475 | ||
| 650 | _aLiterature | ||
| 942 | _cBK | ||
| 999 |
_c14936 _d14936 |
||